[Event "Ch Slovenia (team) (1 league) West"]
[Site "masterchessopen.com Ljubljana (Slovenia)"]
[Date "2008.11.22"]
[Round "8"]
[White "Hasanagic Alen (SLO)"]
[Black "Zahirovic Haris (SLO)"]
[Result "0-1"]
[WhiteElo "2136"]
[BlackElo "1997"]

1.d4 d5 2.c4 e6 3.Nf3 Nf6 4.g3 Bb4+ 5.Bd2 Bxd2+ 6.Qxd2 c6 7.Bg2 Ne4 8.Qc2 Nd7
9.O-O f5 10.Ne1 O-O 11.Nd3 dxc4 12.Nf4 Nb6 13.e3 g5 14.Ne2 Nd6 15.Nd2 Qf6
16.a4 a5 17.Rad1 Bd7 18.e4 fxe4 19.Nxe4 Nxe4 20.Bxe4 Qg7 21.b3 cxb3 22.Qxb3
Nd5 23.Bxd5 cxd5 24.Rc1 Bc6 25.Qe3 Rae8 26.Rc5 Bxa4 27.Rxa5 Bc6 28.Ra7 Qf6
29.f4 g4 30.Re1 Ra8 31.Qa3 Rxa7 32.Qxa7 Qf5 33.Nc1 Qc2 34.Qa3 Qd2 35.Qe3 Qxe3+
36.Rxe3 Kf7 37.Nd3 Ke7 38.Ne5 Ba4 39.Nd3 b6 40.Nb2 Bd7 41.Rb3 b5 42.Nd3 Kd6
43.Nc5 Rb8 44.Kf2 Be8 45.Ke3 Ra8 46.Rb2 Ra3+ 47.Kd2 h5 48.Nb3 Ra4 49.Rc2 Bg6
50.Rb2 Rb4 51.Kc3 Rc4+ 52.Kd2 Rb4 53.Kc3 Ra4 54.Kd2 Bf5 55.Kc3 Kc6 56.Rd2 Kb6
57.Nc5 Rc4+ 58.Kb3 b4 59.Re2 Kb5 60.Nxe6 Bxe6 61.Rxe6 Rc3+ 62.Kb2 Rd3 63.Re2
Kc4 {#R} 0-1

[Event "Ch Slovenia (team) (2 league) West"]
[Site "masterchessopen.com Kranj (Slovenia)"]
[Date "2008.10.12"]
[Round "3"]
[White "Golubovic Boris (CRO)"]
[Black "Znidarcic Andrej (SLO)"]
[Result "1-0"]
[WhiteElo "2405"]
[BlackElo "2195"]

1.d4 d5 2.c4 e6 3.Nf3 Nf6 4.g3 Bb4+ 5.Bd2 Bxd2+ 6.Nbxd2 O-O 7.Bg2 Nbd7 8.Qc2
Re8 9.O-O c6 10.e4 dxe4 11.Nxe4 Nxe4 12.Qxe4 c5 13.Rfd1 Nf6 14.Qe5 cxd4
15.Rxd4 Qe7 16.Re1 Qb4 17.Rf4 Bd7 18.c5 Qa5 19.c6 {#r} 1-0

[Event "Ch Slovenia (w)"]
[Site "masterchessopen.com Slovenia"]
[Date "2002.11.30"]
[Round "3"]
[White "Srebrnic Ana (SLO)"]
[Black "Stevanec Lea (SLO)"]
[Result "1-0"]
[WhiteElo "2242"]
[BlackElo "2107"]

1.Nf3 Nf6 2.c4 e6 3.g3 d5 4.d4 Bb4+ 5.Bd2 Bxd2+ 6.Nbxd2 O-O 7.Bg2 Nbd7 8.O-O
c5 9.Rc1 b6 10.cxd5 exd5 11.dxc5 bxc5 12.Nb3 Rb8 13.Qc2 Qb6 14.Nxc5 Qxb2
15.Nb3 Qxc2 16.Rxc2 Ba6 17.Rfc1 Rbc8 18.Nfd4 Ne5 19.Rc7 Bc4 20.Rxa7 Nc6
21.Nxc6 Rxc6 22.Na5 Rc5 23.e4 Rcc8 24.Bh3 Rce8 25.Nxc4 dxc4 26.Rxc4 Nxe4 27.a4
Nd2 28.Rcc7 Nf3+ 29.Kg2 Ne1+ 30.Kf1 Nd3 31.Bf5 Re1+ 32.Kg2 Nb4 33.a5 g6 34.Bg4
Ra1 35.Be6 Nd3 36.Bxf7+ Kh8 37.Bd5 Rxf2+ 38.Kh3 Nf4+ 39.gxf4 Ra3+ 40.Kg4 h5+
41.Kg5 Rxf4 42.Rh7# 1-0

[Event "Ch Southern California"]
[Site "masterchessopen.com Monterey Park (USA)"]
[Date "2012.07.14"]
[Round "1"]
[White "Yanayt Eugene (USA)"]
[Black "Taylor Timothy (USA)"]
[Result "1-0"]
[WhiteElo "2270"]
[BlackElo "2290"]

1.d4 d5 2.c4 e6 3.Nf3 Nf6 4.g3 Bb4+ 5.Bd2 Bxd2+ 6.Qxd2 Nbd7 7.Bg2 c6 8.b3 O-O
9.O-O b6 10.Rd1 Qe7 11.Nc3 Ba6 12.e4 dxc4 13.Bf1 e5 14.bxc4 exd4 15.Qxd4 Rfe8
16.Rd2 Nxe4 17.Nxe4 Qxe4 18.Qxe4 Rxe4 19.Rxd7 Bxc4 20.Bxc4 Rxc4 21.Re1 a5
22.Ree7 Rf8 23.Ng5 {#r} 1-0

[Event "Ch Spain (team) (2-4 Div)"]
[Site "masterchessopen.com Cala Galdana (Spain)"]
[Round "3"]
[White "Veingold Aleksandr (EST)"]
[Black "Campos Moreno Javier B (CHI)"]
[Result "0-1"]
[WhiteElo "2460"]
[BlackElo "2484"]

1.d4 Nf6 2.Nf3 d5 3.c4 e6 4.g3 Bb4+ 5.Bd2 Be7 6.Bg2 O-O 7.Qb3 Nbd7 8.O-O Nb6
9.cxd5 exd5 10.Nc3 Nc4 11.Bg5 c6 12.Rad1 Qb6 13.e4 dxe4 14.Nxe4 Qxb3 15.axb3
Nb6 16.Bxf6 Bxf6 17.Ne5 Rd8 18.Nxf6+ gxf6 19.Nc4 Be6 20.Na5 Rd7 21.Nxb7 Rxb7
22.Bxc6 Rab8 23.Bxb7 Rxb7 24.Rd3 Nd5 25.Ra1 Bd7 26.f3 Bb5 27.Rd2 Rc7 28.Kf2
Kg7 29.Re1 Kg6 30.g4 Rb7 31.Rc1 a6 32.Rc8 Kg7 33.Rd8 Bd7 34.Ra8 Rb6 35.Ra7 Be6
36.Kg3 f5 37.gxf5 Bxf5 38.Rg2 Bg6 39.h4 h5 40.Rd7 Ne3 41.Re2 Nf5+ 42.Kf2 Kh6
43.Rd2 Nxh4 44.Kg3 Nxf3 45.Rd1 h4+ 46.Kg2 Be4 47.Re7 Ng5+ 48.Kg1 h3 49.d5 Bc2
50.Rc1 Bxb3 51.Rd7 Nf3+ 52.Kh1 Rg6 53.Rf1 Bd1 54.d6 h2 55.Rxf3 Bxf3+ 56.Kxh2
Rg2+ 57.Kh3 Bg4+ {#R} 0-1

[Event "Ch Spain (team) (Honor gr.1)"]
[Site "masterchessopen.com Olite (Spain)"]
[Date "2006.09.06"]
[Round "1"]
[White "Delchev Aleksander (BUL)"]
[Black "Giorgadze Giorgi (GEO)"]
[Result "1-0"]
[WhiteElo "2628"]
[BlackElo "2607"]

1.d4 Nf6 2.c4 e6 3.g3 d5 4.Nf3 Bb4+ 5.Bd2 a5 6.Bg2 dxc4 7.Qc2 Bxd2+ 8.Qxd2 Bd7
9.Ne5 Bc6 10.Nxc6 Nxc6 11.Na3 O-O 12.e3 Nb4 13.Nxc4 c5 14.a3 Nbd5 15.O-O b5
16.Ne5 cxd4 17.Qxd4 Rc8 18.Rfc1 a4 19.Bf1 Qa5 20.e4 Ne7 21.Nd7 Nxd7 22.Qxd7
Rxc1 23.Rxc1 Ng6 24.Qxb5 Qd2 25.Rc4 f5 26.exf5 Rxf5 27.Rc8+ Nf8 28.Qxf5 {#r}
1-0

[Event "Ch Spain (team) (b)"]
[Site "masterchessopen.com Oropesa (Spain)"]
[Round "6"]
[White "Glavina Pablo (ARG)"]
[Black "Arencibia Walter (CUB)"]
[Result "0-1"]
[WhiteElo "2360"]
[BlackElo "2555"]

1.d4 d5 2.c4 e6 3.Nf3 Nf6 4.g3 Bb4+ 5.Bd2 Be7 6.Bg2 O-O 7.O-O Nbd7 8.Qc2 c6
9.Bf4 Ne4 10.Nc3 f5 11.Ne5 g5 12.Nxd7 Bxd7 13.Be5 Nd6 14.cxd5 cxd5 15.Qb3 Bc6
16.Bxd6 Bxd6 17.Rac1 Qe8 18.f4 h6 19.Nd1 Rc8 20.Qe3 Qe7 21.Nf2 Bb5 22.Rfd1 Kf7
23.Nh3 g4 24.Nf2 Qd7 25.Bf1 Bc4 26.b3 Ba6 27.Rxc8 Rxc8 28.Rc1 Ba3 29.Rxc8 Qxc8
30.Nd3 Bxd3 31.Qxd3 Qc1 32.e3 Bb4 33.Kg2 a6 34.Qe2 Bd2 35.Kf2 Ke7 36.h3 h5
37.hxg4 hxg4 38.Bg2 Kd6 39.Bf1 Kc7 40.Bg2 Kb6 41.Bf1 Ka5 42.e4 fxe4 43.Qxg4
Kb4 44.Kg2 Be3 45.Qxe6 Qe1 46.Qxd5 Qf2+ 47.Kh3 Qxf1+ 48.Kh4 Qh1+ 49.Kg5 Kc3
50.Qc4+ Kd2 51.d5 Qf3 52.Kf5 Qxg3 53.Qxe4 Qh3+ 54.Kg5 Qg3+ 55.Kf5 Bc5 56.Ke6
Qg8+ 57.Kd7 Qf7+ 58.Kc8 Bd6 59.Qd4+ Kc2 60.Qc4+ Kb2 61.b4 b5 62.Qc6 Bxf4 63.d6
Qc4 {#R} 0-1

[Event "Ch St. Petersburg"]
[Site "masterchessopen.com St. Petersburg (Russia)"]
[Date "2009.02.18"]
[Round "2"]
[White "Rozum Ivan (RUS)"]
[Black "Shchukin Dmitry (RUS)"]
[Result "1-0"]
[WhiteElo "2457"]
[BlackElo "2377"]

1.Nf3 Nf6 2.c4 e6 3.g3 d5 4.d4 Bb4+ 5.Bd2 a5 6.Bg2 c6 7.O-O O-O 8.Qc2 b6
9.Bxb4 axb4 10.Nbd2 Ra7 11.Ne5 Qe7 12.Rfc1 Ba6 13.a3 Nfd7 14.Nd3 bxa3 15.Rxa3
dxc4 16.Nxc4 Rc7 17.Rc3 Rfc8 18.Qb3 Bb5 19.e3 Na6 20.Bf1 g6 21.Bg2 Kg7 22.h4
h5 23.Ra1 Nab8 24.Nf4 Bxc4 25.Rxc4 e5 26.Nd3 exd4 27.exd4 c5 28.Nf4 Nf6
29.Qxb6 Nbd7 30.Qa5 Qd6 31.Rac1 Ne8 32.Qa3 Nb6 33.dxc5 Nxc4 34.cxd6 Nxa3
35.dxc7 Nb5 36.Nd5 f5 37.Bf1 Nbxc7 38.Ba6 {#r} 1-0

[Event "Ch St. Petersburg"]
[Site "masterchessopen.com St. Petersburg (Russia)"]
[Date "2011.05.21"]
[Round "1"]
[White "Goganov Aleksey (RUS)"]
[Black "Usmanov Vasily (RUS)"]
[Result "1-0"]
[WhiteElo "2500"]
[BlackElo "2238"]

1.Nf3 Nf6 2.d4 e6 3.c4 d5 4.g3 Bb4+ 5.Bd2 a5 6.Bg2 c6 7.O-O b6 8.Bf4 O-O
9.Nbd2 Bd6 10.Bg5 Be7 11.Ne5 Nfd7 12.Bxe7 Qxe7 13.Nd3 Ba6 14.Rc1 Qf6 15.e3 Ra7
16.Re1 Rd8 17.Qc2 b5 18.cxd5 exd5 19.Nf3 b4 20.Nde5 c5 21.Nxd7 Nxd7 22.dxc5
Rc8 23.c6 Rac7 24.Qa4 Rxc6 25.Rxc6 Qxc6 26.Qxa5 Nc5 27.Bh3 Qc7 28.Qxc7 Rxc7
29.Rc1 Kf8 30.Nd4 Bc4 31.b3 Bd3 32.Bf1 Bg6 33.Nb5 Rc6 34.Bg2 Be4 35.Bxe4 dxe4
36.Rc4 f5 37.Nd4 Rc7 38.Rxc5 {#r} 1-0

[Event "Ch St. Petersburg (1/2 final)"]
[Site "masterchessopen.com St. Petersburg (Russia)"]
[Date "2010.02.13"]
[Round "1"]
[White "Sichinava Zviad (RUS)"]
[Black "Rozum Ivan (RUS)"]
[Result "1-0"]
[WhiteElo "2330"]
[BlackElo "2476"]

1.d4 d5 2.c4 e6 3.Nf3 Nf6 4.g3 Bb4+ 5.Bd2 Be7 6.Bg2 O-O 7.Qc2 Nbd7 8.O-O c6
9.Bf4 b6 10.cxd5 cxd5 11.Bc7 Qe8 12.Nc3 Bb7 13.Nb5 Ne4 14.Bf4 Rc8 15.Nc3 b5
16.Qb3 Nxc3 17.bxc3 Nb6 18.Rfb1 Bc6 19.Ne5 a6 20.h4 Ba8 21.Rc1 Na4 22.Rc2 Bd6
23.Nd3 Bxf4 24.gxf4 Qe7 25.h5 Rc7 26.Rac1 Rfc8 27.Kf1 Qh4 28.Bf3 Qh3+ 29.Ke1
Nb6 30.Qa3 Ra7 31.Ne5 Nc4 32.Qb4 Qh4 33.Nd3 Bc6 34.Kf1 Qh3+ 35.Ke1 Rac7 36.Ne5
Qf5 37.e3 Nxe5 38.dxe5 Bb7 39.Kd2 d4 40.Bxb7 dxe3+ 41.Kxe3 Rxb7 42.c4 Rd7
43.Rd2 Rdc7 44.Rcd1 h6 45.Rd8+ Rxd8 46.Rxd8+ Kh7 47.Qf8 Qxh5 48.Qh8+ Kg6
49.Rg8 f6 50.Rd8 fxe5 51.Qe8+ Rf7 52.Qxe6+ Kh7 53.Qxe5 Qg6 54.c5 Qg1 55.Qe4+
g6 56.c6 Qc1+ 57.Ke2 Qc5 58.Rd7 Kg7 59.Qe5+ Qxe5+ 60.fxe5 {#r} 1-0

[Event "Ch Sweden (team) 1998/99"]
[Site "masterchessopen.com Sweden"]
[Round "4"]
[White "Lyrberg Patrik (SWE)"]
[Black "Svenn Gosta (SWE)"]
[Result "0-1"]
[WhiteElo "2415"]
[BlackElo "2360"]

1.d4 Nf6 2.c4 e6 3.g3 d5 4.Nf3 Bb4+ 5.Bd2 Be7 6.Bg2 O-O 7.O-O b6 8.Qb3 dxc4
9.Qc2 Bb7 10.Bg5 h6 11.Bxf6 Bxf6 12.Ng5 hxg5 13.Bxb7 Nd7 14.Bxa8 Qxa8 15.Qxc4
c5 16.Nd2 Bxd4 17.Qc2 g4 18.Rad1 Qb7 19.Ne4 g6 20.h4 gxh3 21.Kh2 f5 22.Ng5
Qg2# 0-1

[Event "Ch Switzerland"]
[Site "masterchessopen.com Leukerbad (Switzerland)"]
[Round "0"]
[White "Horvath Jozsef M (HUN)"]
[Black "Wirthensohn Heinz (SUI)"]
[Result "1-0"]
[WhiteElo "2104"]
[BlackElo "2359"]

1.d4 Nf6 2.c4 e6 3.Nf3 d5 4.g3 Bb4+ 5.Bd2 Be7 6.Bg2 O-O 7.O-O Nbd7 8.Qc2 c6
9.Bf4 Nh5 10.Bc1 f5 11.b3 a5 12.Nc3 b6 13.cxd5 cxd5 14.Qd2 Re8 15.Qe3 Bf8
16.Ng5 Ndf6 17.Bb2 h6 18.Nf3 Nd7 19.Ne5 Nhf6 20.Ng6 Ba6 21.Nxf8 Nxf8 22.a4 Qd7
23.Ba3 Rac8 24.Rfc1 Rc6 25.f3 Rec8 26.Bf1 R8c7 27.Nd1 Qc8 28.Rxc6 Rxc6 29.Rc1
Rxc1 30.Qxc1 Qxc1 31.Bxc1 N8d7 32.Nc3 Nb8 33.Bf4 Nc6 34.e3 Bxf1 35.Kxf1 Nd7
36.h4 Na7 37.Ke2 Kf7 38.Kd3 Kf6 39.Bc7 g5 40.hxg5+ hxg5 41.e4 fxe4+ 42.fxe4
dxe4+ 43.Nxe4+ Kf5 44.Nd6+ Kg4 45.Nc4 Nc8 46.Ke4 Kh3 47.Kf3 g4+ 48.Ke4 Ne7
49.Nxb6 Nxb6 50.Bxb6 Kxg3 51.Bxa5 Kf2 52.Bc7 g3 53.Bxg3+ Kxg3 54.a5 Nc6 55.a6
Kf2 56.b4 Na7 57.d5 exd5+ 58.Kxd5 Ke3 59.Kc5 {#r} 1-0

[Event "Ch URS (team)"]
[Site "masterchessopen.com URS"]
[Round "0"]
[White "Polugaevsky Lev A (RUS)"]
[Black "Taimanov Mark E (RUS)"]
[Result "1-0"]
[WhiteElo "2610"]
[BlackElo "2386"]

1.Nf3 e6 2.c4 Nf6 3.g3 d5 4.d4 Bb4+ 5.Bd2 a5 6.Qc2 Nc6 7.Bg2 dxc4 8.Qxc4 Qd5
9.Qxd5 ( { ? } 9.Qd3 Qe4 10.Qxe4 Nxe4 11.a3 Nxd2 12.Nbxd2 { A } ) 9...exd5
10.Nc3 Bf5 11.O-O Be4 12.e3 Nd7 13.Rfc1 Nb6 { ? } ( 13...Na7 ) 14.Nb5 { ! P }
14...Bxf3 { ? } ( 14...O-O-O { ?! } 15.Bxb4 axb4 16.Ne5 { P } ) ( 14...Kd8 {
?! } 15.Bxb4 axb4 16.Ng5 Bxg2 17.Kxg2 Ra5 18.a4 bxa3 19.Nxa3 Ke8 20.b4 { ? b5±
} ) ( { ? } 14...Rc8 15.Bxb4 axb4 16.Nd2 { I } ) 15.Nxc7+ Kd7 16.Nxa8 Nxa8 { ?
} ( 16...Rxa8 17.Bxb4 Bxg2 18.Bc5 { +?? } ) 17.Bxf3 Bxd2 18.Rc5 Nc7 19.a3 a4
20.Bxd5 Nxd5 21.Rxd5+ Kc7 22.Rd1 Ba5 23.Rc1 Kb6 24.Rc4 Ka6 25.Rd7 Rf8 26.g4 h6
27.h4 g5 28.Rd6 gxh4 29.Rxh6 f6 30.Rxh4 Rg8 31.Kf1 Rg5 32.Rh6 Kb5 33.Rc2 Bd8
34.Rh5 Kb6 35.Rxg5 fxg5 36.Ke2 Be7 37.Kd3 Kb5 38.e4 Bd8 39.e5 Bc7 40.Ke4 Bb8
41.Rc5+ Kb6 42.Rd5 {#r} 1-0

[Event "Ch Uruguay (team)"]
[Site "masterchessopen.com Uruguay"]
[Round "0"]
[White "Tesija Gabriel"]
[Black "Novo Washington"]
[Result "1-0"]
[WhiteElo "2075"]
[BlackElo "1960"]

1.d4 e6 2.c4 Nf6 3.Nf3 d5 4.g3 Bb4+ 5.Bd2 Bxd2+ 6.Nbxd2 O-O 7.Bg2 c5 8.dxc5
Qa5 9.cxd5 exd5 10.O-O Qxc5 11.Nb3 Qb6 12.h3 Nc6 13.Rc1 a5 14.Qc2 Ne4 15.e3
Nb4 16.Qc7 Qxc7 17.Rxc7 Nxa2 18.Nfd2 a4 19.Nxe4 axb3 20.Nc5 Nb4 21.Nxb3 Ra2
22.Rfc1 Rxb2 23.Nd4 Be6 24.Re7 Nd3 25.Rcc7 Rb1+ 26.Kh2 Bc8 27.Bxd5 Nxf2
28.Rxf7 Rh1+ 29.Bxh1 Rxf7 30.Rxc8+ {#r} 1-0

[Event "Ch Vietnam"]
[Site "masterchessopen.com Can Tho (Vietnam)"]
[Date "2012.03.19"]
[Round "1"]
[White "Bui Trong Hao (VIE)"]
[Black "Nguyen Duc Hoa (VIE)"]
[Result "0-1"]
[WhiteElo "2167"]
[BlackElo "2454"]

1.d4 Nf6 2.c4 e6 3.Nf3 d5 4.g3 Bb4+ 5.Bd2 Be7 6.Bg2 c6 7.Qc2 Nbd7 8.O-O b6
9.b3 Ba6 10.a4 O-O 11.Rc1 c5 12.cxd5 exd5 13.Nc3 Rc8 14.Qb2 Bb7 15.a5 bxa5
16.Nd1 Ne4 17.Bxa5 Qe8 18.Bc3 a6 19.e3 Bf6 20.b4 Nxc3 21.Nxc3 cxd4 22.exd4 Nb6
23.Qb3 Rc4 24.Bf1 Qc6 25.Na2 Rc8 26.Qe3 g6 27.b5 axb5 28.Nb4 Qd6 29.Bxc4 dxc4
30.Ra7 Ba8 31.Ne5 Rc7 32.Rxc7 Qxc7 33.Qf4 Kg7 34.Ra1 Na4 35.Nc2 Qb7 36.f3 Nc3
37.Kf2 b4 38.Ng4 Bg5 39.Qe5+ f6 40.Qe6 Qxf3+ 41.Ke1 Qh1+ 42.Kf2 Qg2+ {#R} 0-1

[Event "Ch Vojvodina (team)"]
[Site "masterchessopen.com Sombor (Yugoslavia)"]
[Date "2004.09.25"]
[Round "1"]
[White "Ivanovic Miroslav (SRB)"]
[Black "Orlov Konstantin (SRB)"]
[Result "0-1"]
[WhiteElo "2185"]
[BlackElo "2323"]

1.Nf3 Nf6 2.c4 e6 3.g3 d5 4.d4 Bb4+ 5.Bd2 Be7 6.Bg2 O-O 7.O-O Nc6 8.Qc2 dxc4
9.Qxc4 Qd5 10.Qd3 Rd8 11.Nc3 Qd7 12.Bf4 Nxd4 13.Ne5 Qe8 14.Qc4 c6 15.a4 Nf5
16.Rad1 Nd5 17.Bc1 Nd6 18.Qb3 f6 19.Nc4 Qf7 20.a5 Nxc3 21.Qxc3 Nxc4 22.Qxc4 e5
23.Qxf7+ Kxf7 24.a6 bxa6 25.Bxc6 Rb8 26.Be3 Rxb2 27.Bxa7 Bh3 28.Rxd8 Bxd8
29.Re1 Ba5 30.Rd1 Rxe2 31.Bb7 Rb2 32.Bxa6 Bb6 33.Bc4+ Ke7 34.Bxb6 Rxb6 35.Bf1
Be6 36.Bg2 f5 37.Re1 Kf6 38.Rc1 g5 39.h3 h5 40.Kh2 Rb2 41.Kg1 e4 42.g4 fxg4
43.hxg4 Bxg4 44.Bxe4 Ke5 45.Bg2 Rb4 46.Kh2 Kf4 47.Rc7 Bf5 48.Bd5 Rb2 49.Kg1 h4
50.Bg2 g4 51.Rc4+ Kg5 52.Rc5 Re2 53.Kf1 Re7 54.f3 h3 55.fxg4 hxg2+ 56.Kxg2
Kxg4 57.Rc4+ Be4+ 58.Kf2 Kf4 59.Rc8 Ra7 60.Rf8+ Bf5 61.Ke2 Ra2+ 62.Ke1 Ke4
63.Rd8 Ke3 {#R} 0-1

[Event "Ch Vojvodina (team)"]
[Site "masterchessopen.com Sombor (Serbia)"]
[Date "2008.10.07"]
[Round "10"]
[White "Bogosavljevic Boban (SRB)"]
[Black "Kosic Dragan (MNE)"]
[Result "0-1"]
[WhiteElo "2541"]
[BlackElo "2511"]

1.Nf3 e6 2.c4 d5 3.d4 Nf6 4.g3 Bb4+ 5.Bd2 Bxd2+ 6.Nbxd2 O-O 7.Bg2 Qe7 8.O-O
Rd8 9.Qc2 c5 10.dxc5 Qxc5 11.Rac1 Nc6 12.Rfd1 Bd7 13.cxd5 Qxc2 14.Rxc2 Nxd5
15.Nc4 Be8 16.Rcd2 Nb6 17.Nd6 Rxd6 18.Rxd6 Nc4 19.Nd4 Nxd6 20.Nxc6 bxc6
21.Rxd6 Rc8 22.Kf1 Kf8 23.Ke1 Ke7 24.Rd3 c5 25.Ra3 Rc7 26.Ra5 f6 27.Kd2 Bf7
28.Kc3 e5 29.b3 Be6 30.Rb5 Kd6 31.Be4 h6 32.Ra5 Bc8 33.h4 g5 34.h5 f5 35.Bd3
g4 36.Ba6 Be6 37.Bc4 Bc8 38.b4 cxb4+ 39.Kxb4 Rb7+ 40.Kc3 Re7 41.Rd5+ Kc7
42.Rc5+ Kd7 43.Bb5+ Kd8 44.Rc6 Rc7 45.Kb4 Rxc6 46.Bxc6 Be6 47.a3 Bf7 48.Kc5
Ke7 49.a4 Bxh5 50.Kd5 Kf6 51.a5 Bf7+ 52.Kd6 Bc4 53.e3 f4 54.Be8 fxg3 55.fxg3
Be2 56.Bd7 Bf3 57.Bc8 h5 58.a6 h4 59.gxh4 g3 60.Bh3 g2 61.Bxg2 Bxg2 62.Kc7 Kg6
63.Kb8 Kh5 64.Kxa7 Kxh4 65.Kb8 Kg4 66.Kc7 Ba8 67.Kb8 Bd5 68.Kc7 e4 69.Kd6 Ba8
{#R} 0-1

[Event "Ch Wales"]
[Site "masterchessopen.com Cardiff (Wales)"]
[Date "2009.04.13"]
[Round "6"]
[White "Davis Lee (WLS)"]
[Black "Bennion David (WLS)"]
[Result "0-1"]
[WhiteElo "1948"]
[BlackElo "2025"]

1.d4 d5 2.c4 e6 3.Nf3 Nf6 4.g3 Bb4+ 5.Bd2 a5 6.Bg2 dxc4 7.O-O Nc6 8.Bf4 Nd5
9.e4 Nxf4 10.gxf4 Qf6 11.a3 Be7 12.Nc3 Qxf4 13.Qa4 O-O 14.Qxc4 Bd6 15.Rae1 e5
16.Nd5 Qh6 17.dxe5 Nxe5 18.Nxe5 Bxe5 19.f4 Bxb2 20.Re2 Bxa3 21.Ra1 b5 22.Qxb5
Ba6 23.Qxa5 Bxe2 24.Qxc7 Bc5+ {#R} 0-1

[Event "Ch Wetzlar"]
[Site "masterchessopen.com Wetzlar (Germany)"]
[Date "2010.09.10"]
[Round "2"]
[White "Donchenko Irina (GER)"]
[Black "Sassmannshausen Mark (GER)"]
[Result "1-0"]
[WhiteElo "2056"]
[BlackElo "1788"]

1.Nf3 d5 2.d4 Nf6 3.c4 e6 4.g3 Bb4+ 5.Bd2 Be7 6.Bg2 O-O 7.Qc2 c6 8.O-O b6
9.Rd1 dxc4 10.Ne5 Bb7 11.Nxc4 Qxd4 12.Bb4 Qxd1+ 13.Qxd1 Bxb4 14.Nc3 Bxc3
15.bxc3 Na6 16.Ne5 Rad8 17.Qc2 Nd5 18.c4 Ne7 19.Rd1 f6 20.Rxd8 Rxd8 21.Nd3 Nf5
22.e3 Rd7 23.c5 bxc5 24.Qb3 Kf7 25.Nf4 Re7 26.Bh3 c4 27.Qxc4 Nd6 28.Bxe6+ Ke8
29.Qd3 g5 30.Qxd6 gxf4 31.gxf4 c5 32.Bc4 Rg7+ 33.Kf1 Nc7 34.Qxf6 Rd7 35.Ke2
Be4 36.Qh8+ Ke7 37.Qe5+ {#r} 1-0

[Event "Ch World (blitz) (qual)"]
[Site "masterchessopen.com Moscow (Russia)"]
[Date "2011.02.17"]
[Round "1"]
[White "Kasimdzhanov Rustam (UZB)"]
[Black "Gundavaa Bayarsaihan (MGL)"]
[Result "0-1"]
[WhiteElo "2678"]
[BlackElo "2467"]

1.d4 Nf6 2.c4 e6 3.Nf3 d5 4.g3 Bb4+ 5.Bd2 Bxd2+ 6.Nbxd2 O-O 7.Bg2 c6 8.O-O
Nbd7 9.Qc2 b6 10.Rac1 Bb7 11.Rfd1 Qe7 12.cxd5 exd5 13.e3 c5 14.b3 Rfe8 15.Qb2
Qe6 16.dxc5 Nxc5 17.Nd4 Qd7 18.b4 Nd3 19.Qb1 Nxc1 20.Rxc1 Rac8 21.Rd1 g6
22.Qb2 Ng4 23.Bh3 h5 24.f3 Qa4 25.Re1 Rxe3 26.Rxe3 Qd1+ 27.Nf1 Nxe3 28.Kf2 Nc4
29.Qc3 Re8 30.b5 Bc8 31.Bxc8 Rxc8 32.Ne3 Qh1 33.Nf1 Re8 34.Nc6 Ne3 35.Nxe3
Qxh2+ 36.Ng2 Qh3 37.Qf6 Qd7 38.Nf4 d4 39.Qxd4 Qf5 40.Qd3 Qc5+ 41.Kg2 Qg5
42.Kh3 h4 {#R} 0-1

[Event "Ch World (juniors) (under 16)"]
[Site "masterchessopen.com Kemer (Turkey)"]
[Date "2009.11.16"]
[Round "5"]
[White "Vidit Santosh Gujrathi (IND)"]
[Black "Sethuraman S P (IND)"]
[Result "1-0"]
[WhiteElo "2447"]
[BlackElo "2455"]

1.d4 d5 2.Nf3 Nf6 3.c4 e6 4.g3 Bb4+ 5.Bd2 Be7 6.Bg2 c6 7.Qc2 O-O 8.O-O b6
9.Rd1 Ba6 10.b3 Nbd7 11.a4 Rc8 12.a5 c5 13.axb6 Qxb6 14.Qa2 Bb7 15.Ba5 Qd6
16.Nbd2 cxd4 17.Nxd4 Qb8 18.cxd5 Nxd5 19.Nc4 Bc5 20.e4 N5f6 21.b4 Be7 22.f3
Ne5 23.Nxe5 Qxe5 24.Qd2 h5 25.Ne2 h4 26.Qd4 Qxd4+ 27.Nxd4 Nh5 28.Kf2 Ba6
29.Rac1 Bc4 30.f4 Nf6 31.Bf3 hxg3+ 32.hxg3 g6 33.Rc3 e5 34.Rdc1 Ba6 35.Nc6
Rce8 36.Nxe7+ Rxe7 37.Rc6 Re6 38.f5 Rxc6 39.Rxc6 {#r} 1-0

[Event "Ch World (juniors) (under 16) (g)"]
[Site "masterchessopen.com Batumi (Georgia)"]
[Date "2006.10.26"]
[Round "9"]
[White "Darbinian Nune (ARM)"]
[Black "Khutsidze Sopo (GEO)"]
[Result "1-0"]
[WhiteElo "2079"]
[BlackElo "2011"]

1.Nf3 Nf6 2.c4 e6 3.g3 d5 4.d4 Bb4+ 5.Bd2 Qe7 6.Qa4+ Nc6 7.a3 Bxd2+ 8.Nbxd2
Bd7 9.Qc2 e5 10.dxe5 Nxe5 11.cxd5 Nxf3+ 12.Nxf3 Nxd5 13.Bg2 c6 14.O-O O-O
15.e4 Nc7 16.Nd4 Rad8 17.f4 Bg4 18.Nb3 f5 19.e5 Kh8 20.Na5 Ne6 21.Qf2 Nd4
22.Kh1 Be2 23.Rfe1 Qc7 24.b4 Ba6 25.Rad1 Qb6 26.Qa2 Ne2 27.Nc4 Rxd1 28.Rxd1
Qf2 29.Qb3 Nd4 30.Qe3 Qa2 31.Nd6 Ne6 32.b5 Bxb5 33.Nxb5 cxb5 34.Bd5 Qc2 35.Rc1
Qa4 36.Bxe6 {#r} 1-0

[Event "Ch World (juniors) (under 20)"]
[Site "masterchessopen.com Istanbul (Turkey)"]
[Date "2005.11.13"]
[Round "5"]
[White "Carron Julien (SUI)"]
[Black "De Bruyn Leon W (RSA)"]
[Result "1-0"]
[WhiteElo "2314"]
[BlackElo "2023"]

1.d4 Nf6 2.c4 e6 3.g3 d5 4.Nf3 Bb4+ 5.Bd2 a5 6.Bg2 dxc4 7.Qc2 Bxd2+ 8.Nbxd2 b5
9.O-O O-O 10.Rfd1 Nc6 11.b3 Nb4 12.Qc1 cxb3 13.Nxb3 Bb7 14.Qb1 Be4 15.Qb2 Nbd5
16.Nc5 Qe8 17.Rdc1 c6 18.Nxe4 Nxe4 19.Ne5 Nd6 20.Nxc6 Ra6 21.Ne5 f6 22.Nd3 Nc4
23.Qc2 Qe7 24.Nc5 Rb6 25.a4 Nb4 26.Qb3 Kf7 27.axb5 Nd6 28.Nxe6 Qxe6 29.Rc7+
Kg6 30.Qxe6 Nc4 31.Be4+ {#r} 1-0

[Event "Ch Yugoslavia"]
[Site "masterchessopen.com Kladovo (Yugoslavia)"]
[Round "0"]
[White "Paunovic Dragan (SRB)"]
[Black "Vukovic Zdravko (MNE)"]
[Result "1-0"]
[WhiteElo "2512"]
[BlackElo "2406"]

1.d4 Nf6 2.Nf3 d5 3.c4 e6 4.g3 Bb4+ 5.Bd2 a5 6.Qc2 Nc6 7.Bg2 O-O 8.O-O dxc4
9.Qxc4 Qd5 10.Qd3 Bxd2 11.Qxd2 Rd8 12.Rd1 Qh5 13.Qc1 Bd7 14.Nc3 e5 15.dxe5 Ng4
16.Qg5 Qxg5 17.Nxg5 Ngxe5 18.Nge4 Bg4 19.h3 Be6 20.Nc5 Rxd1+ 21.Rxd1 Rd8
22.Nxb7 Rxd1+ 23.Nxd1 Nd4 24.Nc3 a4 25.Nc5 Bc4 26.f4 {#r} 1-0

[Event "Ch Yugoslavia (qual)"]
[Site "masterchessopen.com Kladovo (Yugoslavia)"]
[Round "0"]
[White "Lalic Dragan (SRB)"]
[Black "Maksimovic Branimir (SRB)"]
[Result "1-0"]
[WhiteElo "2308"]
[BlackElo "2455"]

1.Nf3 Nf6 2.c4 e6 3.g3 d5 4.d4 Bb4+ 5.Bd2 Be7 6.Bg2 O-O 7.O-O Nbd7 8.Qc2 c6
9.b3 Ne4 10.Nc3 f5 11.Ne1 Bf6 12.Nxe4 fxe4 13.Be3 e5 14.Rd1 exd4 15.Bxd4 Bxd4
16.Rxd4 Qb6 17.Qd2 Nf6 18.cxd5 cxd5 19.Nc2 Be6 20.Ne3 Ng4 21.Nxg4 Bxg4 22.Rb4
Qa5 23.f3 Bf5 24.Rd1 Rac8 25.Qxd5+ Qxd5 26.Rxd5 Rc2 27.g4 Bg6 28.Kf2 e3+
29.Kxe3 Re8+ 30.Kf4 Rcxe2 31.Kg3 R8e7 32.Bf1 Rxa2 33.Rd8+ Re8 34.Rxe8+ Bxe8
35.Rxb7 Kf8 36.Rb8 Ke7 37.Rb7+ Kf8 38.Bc4 a5 39.Rb8 a4 40.bxa4 Rxa4 41.Rxe8+
{#r} 1-0

[Event "Ch Yugoslavia (team) (2 liga)"]
[Site "masterchessopen.com Vrnjacka Banja (Serbia)"]
[Round "8"]
[White "Carnic Srdjan (SRB)"]
[Black "Ris Bogdan (SRB)"]
[Result "1-0"]
[WhiteElo "2315"]
[BlackElo "2137"]

1.d4 Nf6 2.c4 e6 3.Nf3 d5 4.g3 Bb4+ 5.Bd2 Bxd2+ 6.Nbxd2 Nbd7 7.Bg2 O-O 8.O-O
c6 9.Qc2 Qe7 10.e4 dxe4 11.Nxe4 Nxe4 12.Qxe4 Nf6 13.Qe3 Bd7 14.Ne5 Rfd8
15.Rfd1 Be8 16.c5 Qc7 17.Nc4 Bd7 18.Qe5 Ne8 19.a4 f6 20.Qe2 Rab8 21.Rac1 b6
22.Bh3 Qc8 23.b4 b5 24.axb5 Rxb5 25.Qe1 Kf7 26.Na3 Rb8 27.b5 f5 28.Bg2 Qc7
29.Bxc6 Bxc6 30.bxc6 Qxc6 31.Nc4 Qd5 32.Qc3 h6 33.Ra1 Rb7 34.c6 Rc7 35.Ra5 Qe4
36.f3 {#r} 1-0

[Event "Ch Yugoslavia (team) (2 liga)"]
[Site "masterchessopen.com Vrnjacka Banja (Serbia)"]
[Round "2"]
[White "Stamenkovic Zoran (SRB)"]
[Black "Lempert Igor (UKR)"]
[Result "1-0"]
[WhiteElo "2385"]
[BlackElo "2470"]

1.d4 d5 2.c4 e6 3.Nf3 Nf6 4.g3 Bb4+ 5.Bd2 Be7 6.Bg2 O-O 7.O-O Nbd7 8.Qc2 c6
9.b3 Ne4 10.Nc3 Nxd2 11.Nxd2 f5 12.e3 Nf6 13.Ne2 Bd6 14.Nf3 Qe7 15.Nf4 Bd7
16.Nd3 Be8 17.Nfe5 g5 18.c5 Bc7 19.b4 Nd7 20.f4 Nxe5 21.dxe5 Rf7 22.Rab1 h5
23.Ne1 h4 24.gxh4 gxf4 25.exf4 Qxh4 26.Rb3 Rg7 27.Kh1 a5 28.Rh3 Qe7 29.a3 axb4
30.axb4 b6 31.Nd3 bxc5 32.Qxc5 Bd8 33.Rh6 Ra3 34.Rf3 Ra1+ 35.Rf1 Rxf1+ 36.Bxf1
Qb7 37.Qe3 c5 38.Qh3 d4+ 39.Bg2 Qb5 40.Nxc5 Kf7 41.Qh5+ Ke7 42.Rxe6+ Kf8
43.Qh8+ Kf7 44.Rxe8 {#r} 1-0